[Event "ODJM A 2014"]
[Site "Magdeburg GER"]
[Date "2014.06.11"]
[Round "6"]
[White "Berchtenbreiter, Maximilian"]
[Black "Wenninger, Philipp"]
[Result "1-0"]
[Termination "normal"]
[Board "1"]
[WhiteTitle "IM"]
[WhiteElo "2396"]
[BlackElo "2251"]
[WhiteClock "00:55:08"]
[BlackClock "00:03:42"]
[PlyCount "75"]
[WhiteFideId "24641120"]
[BlackFideId "4648404"]
[EventCountry "GER"]
[EventRounds "9"]
[EventType "swiss"]
[EventDate "2014.06.07"]

1. e4 c6 2. d4 d5 3. f3 dxe4 4. fxe4 e5 5. Nf3 Bg4 6. Bc4 Nd7 7. c3 Bd6 8. Qb3
Qe7 9. O-O Ngf6 10. Bg5 O-O 11. Nbd2 b5 12. Bd3 a6 13. a4 h6 14. Bh4 g5 15. Bf2
Be6 16. Qc2 Ng4 17. g3 f6 18. Kg2 Nxf2 19. Rxf2 Rfc8 20. Nf1 Qf7 21. Ne3 Kh8
22. d5 cxd5 23. exd5 Bxd5 24. Nxd5 Qxd5 25. Be4 Qe6 26. Bxa8 Rxa8 27. axb5 Bc5
28. Re2 f5 29. g4 fxg4 30. Nd2 Nf6 31. Qg6 Bf8 32. Ne4 Bg7 33. Nxf6 Bxf6 34.
Qxh6+ Kg8 35. Qg6+ Kh8 36. Rxa6 Rxa6 37. bxa6 Qxa6 38. Qe4 1-0

[Event "ODJM A 2014"]
[Site "Magdeburg GER"]
[Date "2014.06.11"]
[Round "6"]
[White "Doberitz, Paul"]
[Black "Rietze, Clemens"]
[Result "1/2-1/2"]
[Termination "normal"]
[Board "2"]
[BlackTitle "FM"]
[WhiteElo "2211"]
[BlackElo "2288"]
[WhiteClock "00:27:12"]
[BlackClock "00:04:18"]
[PlyCount "92"]
[WhiteFideId "24646130"]
[BlackFideId "24620351"]
[EventCountry "GER"]
[EventRounds "9"]
[EventType "swiss"]
[EventDate "2014.06.07"]

1. e4 e5 2. Nf3 Nc6 3. Bb5 a6 4. Ba4 Nge7 5. O-O g6 6. d4 exd4 7. Nxd4 Bg7 8.
c3 O-O 9. Be3 Ne5 10. Qe2 b5 11. Bb3 d6 12. Nd2 c5 13. N4f3 N5c6 14. Rfd1 Qb6
15. Nf1 Na5 16. Bf4 Rd8 17. e5 d5 18. Bc2 Be6 19. Ne3 d4 20. cxd4 cxd4 21. Nf1
h6 22. h4 Nd5 23. Bg3 Nb4 24. Be4 Rac8 25. h5 Bc4 26. Qd2 Nxa2 27. hxg6 Nb3 28.
Qf4 Nxa1 29. gxf7+ Bxf7 30. Rxa1 Nb4 31. Nh4 Nd5 32. Qf5 Ne7 33. Qh7+ Kf8 34.
Nf5 Nxf5 35. Bxf5 Bg8 36. Qg6 Qxg6 37. Bxg6 Rc6 38. Be4 Bd5 39. Bd3 Bc4 40. Be4
Bd5 41. Bd3 Rdc8 42. f4 Rc1 43. Rxa6 Bc4 44. Bxc4 bxc4 45. f5 c3 46. bxc3 dxc3
1/2-1/2

[Event "ODJM A 2014"]
[Site "Magdeburg GER"]
[Date "2014.06.11"]
[Round "6"]
[White "Hirtreiter, Pierre"]
[Black "Kaplun, David"]
[Result "0-1"]
[Termination "normal"]
[Board "3"]
[WhiteElo "1810"]
[BlackElo "1800"]
[WhiteClock "00:12:03"]
[BlackClock "00:51:00"]
[PlyCount "147"]
[WhiteFideId "12966312"]
[BlackFideId "12901954"]
[EventCountry "GER"]
[EventRounds "9"]
[EventType "swiss"]
[EventDate "2014.06.07"]

1. e4 c5 2. Nf3 e6 3. d4 cxd4 4. Nxd4 a6 5. g3 b5 6. Bg2 Bb7 7. O-O Qc7 8. a4
b4 9. c3 Nf6 10. Re1 bxc3 11. Nxc3 d6 12. Be3 Nbd7 13. Rc1 Rc8 14. Nb3 Qb8 15.
f4 Be7 16. Na5 Ba8 17. Qe2 O-O 18. Nc4 Qb4 19. Nxd6 Bxd6 20. e5 Nxe5 21. fxe5
Bxe5 22. Qxa6 Bxg2 23. Kxg2 Qxb2+ 24. Re2 Qb3 25. Ne4 Ra8 26. Qb5 Qxa4 27. Qxa4
Rxa4 28. Nc5 Raa8 29. Bg5 Bd6 30. Bxf6 gxf6 31. Nd7 Rfc8 32. Nxf6+ Kg7 33. Rxc8
Rxc8 34. Ne4 Be7 35. g4 Ra8 36. Ng3 Ra4 37. h3 Kg6 38. Nh5 h6 39. Re3 Bh4 40.
Kf3 Ra2 41. Nf4+ Kf6 42. Nh5+ Ke7 43. Rd3 Ra5 44. Ke4 Ra4+ 45. Kf3 Bg5 46. Rb3
e5 47. Rb7+ Ke6 48. Ng7+ Kf6 49. Ne8+ Kg6 50. Rb6+ f6 51. Rb7 h5 52. Nd6 hxg4+
53. hxg4 Ra3+ 54. Kg2 Ra4 55. Kf3 Rd4 56. Ne4 Bh4 57. Rb3 Kf7 58. Rb7+ Ke6 59.
Rb6+ Ke7 60. Rb7+ Ke6 61. Rb6+ Kf7 62. Rb7+ Kg6 63. Rb3 Rd7 64. Re3 Kf7 65. Rb3
Ra7 66. Rd3 Rc7 67. Nd6+ Ke6 68. Ne4 Rc6 69. Ra3 Rc1 70. Ra6+ Kd7 71. Nxf6+
Bxf6 72. Rxf6 Rf1+ 73. Ke4 Rxf6 74. Kxe5 0-1

[Event "ODJM A 2014"]
[Site "Magdeburg GER"]
[Date "2014.06.11"]
[Round "6"]
[White "Cremer, Jan Paul"]
[Black "Stein, Daniel"]
[Result "1/2-1/2"]
[Termination "normal"]
[Board "4"]
[WhiteElo "2211"]
[BlackElo "1969"]
[WhiteClock "00:33:11"]
[BlackClock "00:46:27"]
[PlyCount "48"]
[WhiteFideId "24686115"]
[BlackFideId "12939307"]
[EventCountry "GER"]
[EventRounds "9"]
[EventType "swiss"]
[EventDate "2014.06.07"]

1. e4 c6 2. d4 d5 3. Nc3 dxe4 4. Nxe4 Bf5 5. Ng3 Bg6 6. h4 h6 7. Nf3 Nd7 8. h5
Bh7 9. Bd3 Bxd3 10. Qxd3 e6 11. Bd2 Qc7 12. O-O-O Ngf6 13. Qe2 O-O-O 14. Ne5
Nb6 15. Ba5 c5 16. dxc5 Bxc5 17. Kb1 Bxf2 18. Rd3 Bd4 19. Nc4 Rd5 20. Bxb6 Bxb6
21. Rc3 Kb8 22. Nxb6 Qxb6 23. Rb3 Qd6 24. c4 Rd4 1/2-1/2

[Event "ODJM A 2014"]
[Site "Magdeburg GER"]
[Date "2014.06.11"]
[Round "6"]
[White "Meißner, Felix"]
[Black "Bart, Simon"]
[Result "1-0"]
[Termination "normal"]
[Board "5"]
[WhiteTitle "FM"]
[WhiteElo "2254"]
[BlackElo "2027"]
[WhiteClock "00:12:48"]
[BlackClock "00:39:29"]
[PlyCount "91"]
[WhiteFideId "24671827"]
[BlackFideId "24637327"]
[EventCountry "GER"]
[EventRounds "9"]
[EventType "swiss"]
[EventDate "2014.06.07"]

1. e4 e5 2. Nf3 Nf6 3. Nxe5 d6 4. Nf3 Nxe4 5. Nc3 Nf6 6. d4 Be7 7. d5 c6 8. Be2
O-O 9. O-O Nbd7 10. Bf4 Nb6 11. dxc6 bxc6 12. Nd4 Bd7 13. Bf3 d5 14. Qd3 Qc8
15. Rfe1 Re8 16. a4 a6 17. a5 Nc4 18. b3 Nd6 19. Rxe7 Rxe7 20. Bxd6 Re8 21. Na4
Ra7 22. Bc5 Rc7 23. Bb6 c5 24. Bxc7 Qxc7 25. Ne2 Qxa5 26. h3 d4 27. Ng3 Bb5 28.
Qd1 Bxa4 29. bxa4 g6 30. Qd3 Re6 31. Ne4 Nd7 32. Qd2 Qc7 33. Ng5 Rf6 34. Re1
Ne5 35. Bd5 Kg7 36. Nf3 Nd7 37. a5 Qd6 38. Bc4 Qb8 39. Kh1 Qd6 40. Rb1 Qc6 41.
Kg1 Qa4 42. Bb3 Qb5 43. Re1 Rf5 44. Re7 Kf8 45. Re4 Kg7 46. Rf4 1-0

[Event "ODJM A 2014"]
[Site "Magdeburg GER"]
[Date "2014.06.11"]
[Round "6"]
[White "van Klev, Fabian"]
[Black "Giraud, Valerian"]
[Result "1/2-1/2"]
[Termination "normal"]
[Board "6"]
[WhiteElo "1880"]
[BlackElo "2004"]
[WhiteClock "00:34:41"]
[BlackClock "00:17:27"]
[PlyCount "44"]
[WhiteFideId "12964255"]
[BlackFideId "12920355"]
[EventCountry "GER"]
[EventRounds "9"]
[EventType "swiss"]
[EventDate "2014.06.07"]

1. Nf3 e6 2. c4 d5 3. d4 c6 4. e3 Nf6 5. Nc3 Nbd7 6. Qc2 Bd6 7. Bd3 dxc4 8.
Bxc4 b5 9. Bd3 a6 10. O-O O-O 11. Ne4 Nxe4 12. Bxe4 Nf6 13. Bd2 Nxe4 14. Qxe4
Bb7 15. b4 Qe7 16. Qb1 Rfd8 17. e4 h6 18. Re1 Bc7 19. a3 Rd7 20. Bc3 Rad8 21.
Qc2 Bb6 22. Rad1 Ba7 1/2-1/2

[Event "ODJM A 2014"]
[Site "Magdeburg GER"]
[Date "2014.06.11"]
[Round "6"]
[White "Gölz, Daniel"]
[Black "Laubrock, Paul"]
[Result "1-0"]
[Termination "normal"]
[Board "7"]
[WhiteElo "2225"]
[BlackElo "1779"]
[PlyCount "91"]
[WhiteFideId "24626325"]
[BlackFideId "1270509"]
[EventCountry "GER"]
[EventRounds "9"]
[EventType "swiss"]
[EventDate "2014.06.07"]

1. e4 d5 2. exd5 Qxd5 3. Nc3 Qa5 4. g3 Nf6 5. Bg2 c6 6. Nge2 Bg4 7. h3 Bh5 8.
d3 e5 9. O-O Be7 10. Qe1 O-O 11. Nd5 Qd8 12. Nxe7+ Qxe7 13. Nf4 Nbd7 14. Nxh5
Nxh5 15. Bd2 Rfe8 16. Bb4 Qe6 17. Ba3 Rad8 18. Qa5 Ndf6 19. Qxa7 Rd7 20. Rfe1
b5 21. Qc5 Nd5 22. d4 f6 23. Rad1 h6 24. b3 Ne7 25. dxe5 Rxd1 26. Rxd1 fxe5 27.
Rd6 Qf7 28. Rd7 Kf8 29. Qxe5 Nf6 30. Rxe7 Rxe7 31. Bxe7+ Qxe7 32. Qxe7+ Kxe7
33. Bxc6 b4 34. Kf1 Kd6 35. Bg2 Ke5 36. Ke2 Kd4 37. Kd2 Ne8 38. a3 bxa3 39. c3+
Kc5 40. Kc2 Nc7 41. b4+ Kc4 42. Bf1+ Kd5 43. Bd3 Ke5 44. f4+ Kd6 45. c4 Na6 46.
c5+ 1-0

[Event "ODJM A 2014"]
[Site "Magdeburg GER"]
[Date "2014.06.11"]
[Round "6"]
[White "Zeller, Elisa"]
[Black "Wastian, Jan"]
[Result "1/2-1/2"]
[Termination "normal"]
[Board "8"]
[WhiteElo "1921"]
[BlackElo "1647"]
[PlyCount "50"]
[WhiteFideId "24662410"]
[BlackFideId "12911640"]
[EventCountry "GER"]
[EventRounds "9"]
[EventType "swiss"]
[EventDate "2014.06.07"]

1. e4 c6 2. d4 d5 3. e5 Bf5 4. Nc3 e6 5. g4 Bg6 6. Nge2 Bb4 7. Nf4 Be4 8. Ng2
Qb6 9. f3 Bg6 10. h4 h6 11. Nf4 Bh7 12. a3 Be7 13. b4 a5 14. Na4 Qc7 15. c3 Nd7
16. Be3 Nb6 17. Nb2 Qd7 18. Nh5 g6 19. Ng3 Qd8 20. h5 g5 21. b5 f6 22. c4 cxb5
23. cxb5 Qc7 24. Qc1 Qxc1+ 25. Bxc1 Rc8 1/2-1/2

[Event "ODJM A 2014"]
[Site "Magdeburg GER"]
[Date "2014.06.11"]
[Round "6"]
[White "Reisberg, Andre"]
[Black "Hartmann, Jakob"]
[Result "1-0"]
[Termination "normal"]
[Board "9"]
[WhiteElo "1989"]
[BlackElo "1717"]
[PlyCount "77"]
[WhiteFideId "1270630"]
[BlackFideId "12918067"]
[EventCountry "GER"]
[EventRounds "9"]
[EventType "swiss"]
[EventDate "2014.06.07"]

1. d4 d5 2. c4 c6 3. Nf3 Nf6 4. Nc3 e6 5. Bg5 Nbd7 6. e3 Be7 7. Qc2 O-O 8. Rd1
Qc7 9. cxd5 exd5 10. Bd3 Re8 11. O-O h6 12. Bf4 Qa5 13. h3 c5 14. Nb5 c4 15.
Nc7 cxd3 16. Qxd3 b6 17. a3 Bb7 18. Rc1 Rac8 19. Nxe8 Rxe8 20. b4 Qa4 21. b5
Bd8 22. Bc7 a6 23. Bxd8 Rxd8 24. Rc7 Rb8 25. Rb1 axb5 26. g4 Bc8 27. Rbc1 Ba6
28. Ra7 g5 29. Rcc7 Kg7 30. Ne5 Rd8 31. Kg2 Kg8 32. Nc6 Ne8 33. Rxd7 Rxd7 34.
Rxd7 b4 35. Qf5 Nd6 36. Rd8+ Kg7 37. Qe5+ f6 38. Qxd6 Qd1 39. Qe7+ 1-0

[Event "ODJM A 2014"]
[Site "Magdeburg GER"]
[Date "2014.06.11"]
[Round "6"]
[White "Lüßmann, Thomas"]
[Black "Peters, Florian"]
[Result "1-0"]
[Termination "normal"]
[Board "10"]
[WhiteElo "1893"]
[BlackElo "1755"]
[PlyCount "61"]
[WhiteFideId "1270602"]
[BlackFideId "12952028"]
[EventCountry "GER"]
[EventRounds "9"]
[EventType "swiss"]
[EventDate "2014.06.07"]

1. d4 Nf6 2. c4 g6 3. Nc3 Bg7 4. e4 d6 5. f3 O-O 6. Be3 a6 7. Qd2 Nbd7 8. Nge2
c5 9. g4 cxd4 10. Nxd4 Ne5 11. Be2 Be6 12. Nd5 Rc8 13. b3 Nc6 14. Rd1 Nd7 15.
Nxe6 fxe6 16. Nf4 Rxf4 17. Bxf4 e5 18. Be3 Nd4 19. h4 Nc5 20. h5 Nce6 21. hxg6
hxg6 22. Kf2 Nf4 23. Bxd4 Nxe2 24. Bxe5 Bxe5 25. Qd5+ Kg7 26. Kxe2 Bf4 27. Rh3
Rb8 28. Rdh1 Qg8 29. Rh7+ Kf6 30. Qxg8 Rxg8 31. Rh8 1-0

[Event "ODJM A 2014"]
[Site "Magdeburg GER"]
[Date "2014.06.11"]
[Round "6"]
[White "Biefel, Christian"]
[Black "Balazs, Balint"]
[Result "0-1"]
[Termination "normal"]
[Board "11"]
[WhiteElo "1774"]
[BlackElo "1846"]
[PlyCount "134"]
[WhiteFideId "24692646"]
[BlackFideId "12922757"]
[EventCountry "GER"]
[EventRounds "9"]
[EventType "swiss"]
[EventDate "2014.06.07"]

1. c4 e5 2. Nc3 d6 3. g3 Be6 4. d3 Nc6 5. Bg2 Qd7 6. Rb1 O-O-O 7. b4 Nge7 8.
Bd2 d5 9. b5 Nd4 10. e3 Ndf5 11. Qa4 Kb8 12. c5 c6 13. Nf3 f6 14. O-O cxb5 15.
Rxb5 Qc7 16. Rfb1 Nc6 17. Qb3 Rd7 18. Ne1 Nfe7 19. Qa3 Qc8 20. Nc2 d4 21. Ne4
Nd5 22. Nd6 Bxd6 23. cxd6 Nb6 24. Nb4 dxe3 25. Bxe3 Nd4 26. Na6+ bxa6 27. Rxb6+
axb6 28. Rxb6+ Ka7 29. Rc6 Qb7 30. Qc5+ Kb8 31. Rb6 Rc8 32. Qb4 Nc6 33. Qa4
Qxb6 34. Bxb6 Nd4 35. Bc7+ Rcxc7 36. dxc7+ Rxc7 37. h3 Ka7 38. Qa5 Rc1+ 39. Kh2
Rc2 40. Qd8 Bxa2 41. Qe7+ Kb6 42. Qd8+ Kb5 43. Qd7+ Ka5 44. Qd8+ Ka4 45. Qd7+
Nb5 46. Kg1 Kb4 47. Qxg7 a5 48. Qxh7 a4 49. Qe4+ Ka3 50. Qb7 Nd4 51. h4 Bb3 52.
g4 Kb2 53. h5 a3 54. h6 a2 55. h7 a1=Q+ 56. Kh2 Ne2 57. h8=Q Qg1+ 58. Kh3 Nf4+
59. Kg3 Qxf2+ 60. Kh2 Qxg2+ 61. Qxg2 Rxg2+ 62. Kh1 Bd5 63. Qb8+ Kc1 64. Qh8
Rxg4+ 65. Kh2 Rg2+ 66. Kh1 Rg8+ 67. Kh2 Rxh8+ 0-1

[Event "ODJM A 2014"]
[Site "Magdeburg GER"]
[Date "2014.06.11"]
[Round "6"]
[White "Maar, Samuel"]
[Black "Gauchel, Lorenz"]
[Result "1-0"]
[Termination "normal"]
[Board "12"]
[WhiteElo "1765"]
[BlackElo "1766"]
[PlyCount "97"]
[WhiteFideId "12952591"]
[BlackFideId "12905283"]
[EventCountry "GER"]
[EventRounds "9"]
[EventType "swiss"]
[EventDate "2014.06.07"]

1. c4 e5 2. g3 Nf6 3. Bg2 d5 4. cxd5 Nxd5 5. Nf3 Nc6 6. d3 Be7 7. O-O O-O 8.
Nc3 Nb6 9. b3 Re8 10. Bb2 Bf8 11. Rc1 Bg4 12. a3 Qd7 13. b4 Nd4 14. Nxd4 exd4
15. Ne4 a5 16. f3 Be6 17. Qc2 c6 18. Nc5 Qd5 19. Nxb7 axb4 20. axb4 Na4 21. f4
Qa2 22. Bxd4 Qxc2 23. Rxc2 Bb3 24. Rxc6 Rxe2 25. Na5 Rxg2+ 26. Kxg2 Bd5+ 27.
Kg1 Bxb4 28. Rfc1 Rxa5 29. Rc8+ Bf8 30. Re8 Be6 31. Ra1 f6 32. Bc3 Ra7 33. Bb4
Kf7 34. Rxf8+ Kg6 35. d4 Ra6 36. Re8 Bb3 37. g4 Rc6 38. h4 Rc2 39. Re3 Rb2 40.
Ba3 Ra2 41. f5+ Kh6 42. Rxa2 Bxa2 43. Bc1 g5 44. hxg5+ fxg5 45. Re7 Nc3 46. Ba3
Bb3 47. Rb7 Ne2+ 48. Kf2 Bf7 49. Bf8# 1-0

[Event "ODJM A 2014"]
[Site "Magdeburg GER"]
[Date "2014.06.11"]
[Round "6"]
[White "Garbuz, Vitaliy"]
[Black "Carow, Annelen"]
[Result "1/2-1/2"]
[Termination "normal"]
[Board "14"]
[WhiteElo "1627"]
[BlackElo "2044"]
[PlyCount "109"]
[WhiteFideId "12990710"]
[BlackFideId "24692492"]
[EventCountry "GER"]
[EventRounds "9"]
[EventType "swiss"]
[EventDate "2014.06.07"]

1. e4 c5 2. d4 cxd4 3. c3 Nf6 4. e5 Nd5 5. Qxd4 e6 6. Nf3 Nc6 7. Qe4 d6 8. Bb5
Bd7 9. c4 Nb6 10. Bg5 Qc7 11. exd6 Bxd6 12. Nc3 a6 13. O-O Ne7 14. Bxd7+ Nxd7
15. Rfe1 Nc5 16. Qe2 f6 17. Be3 Nd7 18. h3 e5 19. Ne4 Bc5 20. Red1 Bxe3 21.
Nd6+ Kf8 22. Qxe3 Rd8 23. b4 Nb6 24. c5 Nbd5 25. Qb3 Rxd6 26. cxd6 Qxd6 27.
Rac1 Kf7 28. a3 Rd8 29. Rd2 Qe6 30. Rcd1 Rd7 31. Ne1 Nb6 32. Qxe6+ Kxe6 33.
Rxd7 Nxd7 34. Nd3 b6 35. Nb2 Nf5 36. Nc4 Nd4 37. Kf1 g6 38. Ke1 Kd5 39. Ne3+
Kc6 40. Kd2 Nf8 41. Ng4 Nd7 42. Kd3 h5 43. Ne3 Ne6 44. g3 Ng5 45. h4 Ne6 46.
Rc1+ Kd6 47. Ng2 f5 48. Ne3 b5 49. Rc8 e4+ 50. Kd2 Ne5 51. Rc3 Nf3+ 52. Kd1 Ne5
53. Kd2 Nf3+ 54. Kd1 Ne5 55. Kd2 1/2-1/2

[Event "ODJM A 2014"]
[Site "Magdeburg GER"]
[Date "2014.06.11"]
[Round "6"]
[White "Wiese, Tobias"]
[Black "Nahnsen, Kenneth"]
[Result "0-1"]
[Termination "normal"]
[Board "16"]
[WhiteElo "1548"]
[BlackElo "1729"]
[PlyCount "118"]
[WhiteFideId "12974382"]
[BlackFideId "12957119"]
[EventCountry "GER"]
[EventRounds "9"]
[EventType "swiss"]
[EventDate "2014.06.07"]

1. d4 Nf6 2. c4 c5 3. d5 b5 4. Qc2 d6 5. e4 e6 6. b3 exd5 7. cxd5 a6 8. Bd3 g6
9. Bb2 Bg7 10. Nf3 O-O 11. O-O Bg4 12. Nbd2 Re8 13. Rfe1 Nbd7 14. a4 Qb6 15. h3
Bxf3 16. Nxf3 Rab8 17. Rab1 Re7 18. Qe2 Nxd5 19. Bxg7 Nf4 20. Qd2 Nxd3 21. Qxd3
Kxg7 22. Rbd1 Ne5 23. Qxd6 Nxf3+ 24. gxf3 Re6 25. Qd3 bxa4 26. bxa4 Qb3 27. Qe3
Qxe3 28. Rxe3 Rb4 29. Ra3 Rc4 30. Kg2 a5 31. Raa1 Rb6 32. e5 Rbb4 33. Rd7 Rb6
34. Ra7 Re6 35. Rxa5 Rxe5 36. Ra8 Re2 37. a5 Rcc2 38. Rf1 Ra2 39. a6 c4 40. Rc8
Rec2 41. Rc6 Kh6 42. Kg3 Rc3 43. Re1 Rca3 44. Rxc4 Rxa6 45. Re7 Rf6 46. Rcc7
Kg7 47. Kg2 Ra3 48. Re3 Ra5 49. Rc4 Ra1 50. Rg4 Rd6 51. Kg3 Rg1+ 52. Kf4 Rf6+
53. Ke4 Rd1 54. Rg5 h6 55. Rd5 Rxd5 56. Kxd5 Rf4 57. Ke5 g5 58. Rc3 Kg6 59.
Rc6+ f6+ 0-1

[Event "ODJM A 2014"]
[Site "Magdeburg GER"]
[Date "2014.06.11"]
[Round "6"]
[White "Bossert, Felix"]
[Black "Schmidt, Daniel"]
[Result "0-1"]
[Termination "normal"]
[Board "17"]
[WhiteElo "1531"]
[BlackElo "1775"]
[PlyCount "128"]
[WhiteFideId "12960977"]
[BlackFideId "12957950"]
[EventCountry "GER"]
[EventRounds "9"]
[EventType "swiss"]
[EventDate "2014.06.07"]

1. d4 Nf6 2. Nf3 g6 3. g3 Bg7 4. Bg2 O-O 5. O-O d6 6. c4 Nc6 7. Nc3 a6 8. a3
Rb8 9. d5 Na5 10. Nd2 b5 11. cxb5 axb5 12. b4 Nd7 13. Bb2 Nc4 14. Nxc4 bxc4 15.
Qc2 e6 16. Na4 Ba6 17. Bxg7 Kxg7 18. Rfb1 Nf6 19. e4 exd5 20. exd5 Re8 21. Nc3
Qd7 22. a4 Re5 23. f4 Qf5 24. Qxf5 Rxf5 25. b5 Bb7 26. a5 Nxd5 27. Nxd5 Bxd5
28. Bxd5 Rxd5 29. a6 Ra8 30. a7 c3 31. b6 cxb6 32. Rc1 Rc5 33. Ra6 Rc6 34. Kf2
Kf6 35. Ke3 Ke6 36. Kd3 Kd7 37. Kc2 Kc7 38. Re1 Kb7 39. Ra3 Rc7 40. Rea1 h5 41.
h3 Re7 42. Rxc3 Rxa7 43. Rd1 Re6 44. Kd3 Ra4 45. Rdc1 Re7 46. Rb3 Rae4 47. Rcb1
Re3+ 48. Kd4 Rxb3 49. Rxb3 Re1 50. Kd5 Rd1+ 51. Ke4 f6 52. g4 hxg4 53. hxg4 d5+
54. Ke3 Rg1 55. Kf3 Rc1 56. g5 fxg5 57. fxg5 Rf1+ 58. Kg4 Rf7 59. Re3 Rd7 60.
Re6 d4 61. Re1 d3 62. Kf4 d2 63. Rd1 b5 64. Ke5 Kc6 0-1

[Event "ODJM A 2014"]
[Site "Magdeburg GER"]
[Date "2014.06.11"]
[Round "6"]
[White "Cejda, Moritz"]
[Black "Acikel, Mert"]
[Result "1/2-1/2"]
[Termination "normal"]
[Board "18"]
[WhiteElo "1438"]
[BlackElo "1707"]
[PlyCount "43"]
[WhiteFideId "12925152"]
[BlackFideId "12956465"]
[EventCountry "GER"]
[EventRounds "9"]
[EventType "swiss"]
[EventDate "2014.06.07"]

1. d4 Nf6 2. Nf3 d5 3. e3 e6 4. Bd3 c5 5. b3 Nc6 6. Bb2 Be7 7. Nbd2 O-O 8. O-O
b6 9. Ne5 Nxe5 10. dxe5 Nd7 11. f4 Qc7 12. c4 Bb7 13. Nf3 h6 14. Qc2 Rad8 15.
Rad1 a6 16. cxd5 exd5 17. f5 Qc6 18. Qe2 b5 19. Rc1 Qb6 20. Kh1 c4 21. Bb1 Rc8
22. Nd2 1/2-1/2

[Event "ODJM A 2014"]
[Site "Magdeburg GER"]
[Date "2014.06.11"]
[Round "6"]
[White "Borchert, Louis"]
[Black "Denkert, Robert"]
[Result "1-0"]
[Termination "normal"]
[Board "19"]
[WhiteElo "1869"]
[BlackElo "1731"]
[PlyCount "41"]
[WhiteFideId "12990680"]
[BlackFideId "12957216"]
[EventCountry "GER"]
[EventRounds "9"]
[EventType "swiss"]
[EventDate "2014.06.07"]

1. e4 e6 2. Nf3 d5 3. Nc3 Bb4 4. e5 Ne7 5. d4 c5 6. Bf4 O-O 7. Bd3 Bxc3+ 8.
bxc3 Qa5 9. Bxh7+ Kh8 10. Ng5 g6 11. Qf3 Kg7 12. h4 Rh8 13. Bd2 Nf5 14. g4 Nc6
15. gxf5 exf5 16. h5 Ne7 17. hxg6 Qb6 18. Nxf7 Nxg6 19. Nxh8 Nxh8 20. Qg3+ Ng6
21. Bxg6 1-0

[Event "ODJM A 2014"]
[Site "Magdeburg GER"]
[Date "2014.06.11"]
[Round "6"]
[White "Thumm, Felix"]
[Black "Wolff, Marie Antoinette"]
[Result "1-0"]
[Termination "normal"]
[Board "20"]
[WhiteElo "1755"]
[BlackElo "1628"]
[PlyCount "43"]
[WhiteFideId "12902209"]
[BlackFideId "12908258"]
[EventCountry "GER"]
[EventRounds "9"]
[EventType "swiss"]
[EventDate "2014.06.07"]

1. d4 d5 2. Nf3 Nf6 3. e3 e6 4. Bd3 c5 5. b3 Nc6 6. a3 cxd4 7. exd4 Be7 8. Bb2
O-O 9. Nbd2 b6 10. O-O Bb7 11. Ne5 Nxe5 12. dxe5 Nd7 13. b4 Rc8 14. f4 a5 15.
c3 h6 16. Qg4 Rc7 17. Rf3 Qe8 18. Rg3 g6 19. h4 h5 20. Qxh5 Nb8 21. Bxg6 fxg6
22. Rxg6+ 1-0

[Event "ODJM A 2014"]
[Site "Magdeburg GER"]
[Date "2014.06.11"]
[Round "6"]
[White "Kasel, Alexander"]
[Black "Pohl, Steffen"]
[Result "0-1"]
[Termination "normal"]
[Board "21"]
[WhiteElo "1498"]
[BlackElo "1712"]
[PlyCount "52"]
[WhiteFideId "12969982"]
[BlackFideId "12987824"]
[EventCountry "GER"]
[EventRounds "9"]
[EventType "swiss"]
[EventDate "2014.06.07"]

1. c4 e6 2. Nc3 d5 3. d4 c5 4. e3 Nc6 5. Nf3 Nf6 6. Bd3 Be7 7. O-O O-O 8. a3
cxd4 9. exd4 dxc4 10. Bxc4 a6 11. d5 exd5 12. Nxd5 Nxd5 13. Bxd5 Qc7 14. b4 Bf6
15. Ra2 Rd8 16. Qb3 a5 17. b5 a4 18. Qc4 Rxd5 19. Qxd5 Be6 20. Qd2 Bxa2 21.
Qxa2 Na7 22. Qb1 Qb6 23. Be3 Qxb5 24. Rc1 h6 25. h3 Qa6 26. Rc2 Nb5 0-1

[Event "ODJM A 2014"]
[Site "Magdeburg GER"]
[Date "2014.06.11"]
[Round "6"]
[White "Schwenke, Stefan"]
[Black "Usczeck, Alina"]
[Result "0-1"]
[Termination "normal"]
[Board "23"]
[WhiteElo "1758"]
[BlackElo "1566"]
[PlyCount "87"]
[WhiteFideId "12948438"]
[BlackFideId "12938114"]
[EventCountry "GER"]
[EventRounds "9"]
[EventType "swiss"]
[EventDate "2014.06.07"]

1. e4 c6 2. Nc3 d5 3. exd5 cxd5 4. d4 Nc6 5. Nf3 Bg4 6. Be2 Nf6 7. Bf4 e6 8.
O-O a6 9. Ne5 Bxe2 10. Nxe2 Bd6 11. Bg3 Qc7 12. f4 Ne4 13. Nc3 Nxg3 14. hxg3
Nxd4 15. Nf3 Nf5 16. Qe1 Bc5+ 17. Kh2 Ne3 18. Qe2 Nxf1+ 19. Rxf1 O-O-O 20. Ne5
Bd4 21. Rf3 Kb8 22. Qd2 Bxe5 23. fxe5 Qxe5 24. Qf4 Qxf4 25. gxf4 g6 26. Nd1 Rc8
27. c3 Rc4 28. Ne3 Re4 29. g4 d4 30. cxd4 Rxd4 31. Kg3 Rd3 32. Nc4 Rxf3+ 33.
Kxf3 Rd8 34. Ke3 f6 35. Nd2 e5 36. fxe5 fxe5 37. Nf3 Re8 38. Ke4 Kc7 39. Nd2
Rd8 40. Nf3 Kd6 41. Ng5 Rf8 42. Ke3 Rf4 43. Ne4+ Kd5 44. Nf2 0-1

[Event "ODJM A 2014"]
[Site "Magdeburg GER"]
[Date "2014.06.11"]
[Round "6"]
[White "Teichert, Felix"]
[Black "Reitz, Philipp"]
[Result "1/2-1/2"]
[Termination "normal"]
[Board "24"]
[WhiteElo "1686"]
[BlackElo "1522"]
[PlyCount "64"]
[WhiteFideId "12987670"]
[BlackFideId "12973297"]
[EventCountry "GER"]
[EventRounds "9"]
[EventType "swiss"]
[EventDate "2014.06.07"]

1. e4 c5 2. Nf3 d6 3. d4 cxd4 4. Nxd4 Nf6 5. f3 g6 6. c4 Bg7 7. Nc3 Nc6 8. Be3
Bd7 9. Be2 Rc8 10. Rc1 O-O 11. O-O Qb6 12. Nf5 Qxb2 13. Nxg7 Kxg7 14. Rc2 Qa3
15. Qd2 Kg8 16. Rb1 Na5 17. Nb5 Bxb5 18. Rxb5 Nc6 19. Rxb7 Rb8 20. Rcb2 Rxb7
21. Rxb7 Rb8 22. Rxb8+ Nxb8 23. Kf2 Nbd7 24. Qc2 Nc5 25. Bd4 e5 26. Be3 Kg7 27.
g4 h6 28. h4 Ne6 29. Qd2 h5 30. g5 Nd7 31. Kg3 Ndc5 32. Bf1 Nd7 1/2-1/2

[Event "ODJM A 2014"]
[Site "Magdeburg GER"]
[Date "2014.06.11"]
[Round "6"]
[White "Wagner, Swenja"]
[Black "Heldt, Ronny"]
[Result "0-1"]
[Termination "normal"]
[Board "25"]
[WhiteElo "1417"]
[BlackElo "1802"]
[PlyCount "78"]
[WhiteFideId "12900494"]
[BlackFideId "12903973"]
[EventCountry "GER"]
[EventRounds "9"]
[EventType "swiss"]
[EventDate "2014.06.07"]

1. e4 e6 2. d3 d5 3. Nd2 Nf6 4. Ngf3 c5 5. g3 Nc6 6. Bg2 Be7 7. O-O a5 8. Re1
a4 9. e5 Nd7 10. Nf1 b5 11. h4 Qc7 12. Bf4 b4 13. c3 a3 14. Qc2 axb2 15. Qxb2
Ba6 16. d4 c4 17. Bd2 Rb8 18. Qc2 bxc3 19. Bxc3 Nb4 20. Qd2 Nd3 21. Reb1 O-O
22. Ne3 Nb6 23. Ba5 Qc6 24. Ne1 Nxe1 25. Qxe1 Na4 26. Nd1 Ba3 27. Qd2 Rfc8 28.
Bc3 Nxc3 29. Nxc3 Qc7 30. Qc2 Qa5 31. Rxb8 Rxb8 32. Rb1 Rxb1+ 33. Nxb1 h6 34.
Nxa3 Qxa3 35. Bf1 Qb4 36. f3 Bb5 37. Be2 Ba4 38. Qc1 c3 39. Bd3 Qxd4+ 0-1